Anthiveyilile ponnu/ (Record no. 181559)

000 -LEADER
fixed length control field 00419nam a22001691a 4500
020 ## - INTERNATIONAL STANDARD BOOK NUMBER
ISBN 9789354328831
082 ## - DEWEY DECIMAL CLASSIFICATION NUMBER
Classification number M3
Item number SRE/A
100 ## - MAIN ENTRY--AUTHOR NAME
Personal name Sreedharan Perumpadavam
245 ## - TITLE STATEMENT
Title Anthiveyilile ponnu/
Statement of responsibility, etc by Perumpadavam Sreedharan
250 ## - EDITION STATEMENT
Edition statement 3
260 ## - PUBLICATION, DISTRIBUTION, ETC. (IMPRINT)
Place of publication Kottayam:
Name of publisher D C Books,
Year of publication 2025.
300 ## - PHYSICAL DESCRIPTION
Number of Pages 326p.
650 ## - SUBJECT ADDED ENTRY--TOPICAL TERM
Topical Term Novel Malayalam
650 ## - SUBJECT ADDED ENTRY--TOPICAL TERM
Topical Term Literature Malayalam
650 ## - SUBJECT ADDED ENTRY--TOPICAL TERM
Topical Term Literature
942 ## - ADDED ENTRY ELEMENTS (KOHA)
Koha item type Book
Holdings
Withdrawn status Lost status Damaged status Not for loan Permanent Location Current Location Shelving location Date acquired Cost, normal purchase price Full call number Accession Number Price effective from Koha item type
        Sree Sankaracharya University of Sanskrit Sree Sankaracharya University of Sanskrit Stacks 16.05.2026 380.00 M3 SRE/A 108569 16.05.2026 Book